| 000 | 02022cam a2200373 i 4500 | ||
|---|---|---|---|
| 001 | 768714001 | ||
| 003 | CO-MdFUSB | ||
| 005 | 20220707104038.0 | ||
| 007 | ta | ||
| 008 | 110527t2012 miu b 001 0 eng | ||
| 020 | _a9780802826176 | ||
| 040 |
_aDLC _beng _cCO-MdFUSB _dYDX _dBTCTA _dUKMGB _dBDX _dGGB _dYDXCP _dDTM _dBWX _dDLC _erda |
||
| 041 | 0 |
_aeng _aheb |
|
| 042 | _apcc | ||
| 082 |
_a222.1207 _223 _bD755 |
||
| 100 |
_aDozeman, Thomas B. _eautor |
||
| 245 | 1 | 0 |
_aCommentary on Exodus _c/ Thomas B. Dozeman |
| 264 | 1 |
_aGrand Rapids, Mich. : _bWm. B. Eerdmans Publishing Company, _c[2009] |
|
| 264 | 4 | _c© 2009 | |
| 300 |
_a868 páginas ; _c24 cm. |
||
| 336 |
_2rdacontent _atexto _btxt |
||
| 337 |
_2rdamedia _asin mediación _bn |
||
| 338 |
_2rdacarrier _avolumen _bnc |
||
| 490 | 1 | _aThe Eerdmans Critical Commentary | |
| 504 | _aIncluye referencias bibliográficas (p. 633-656) e índices. | ||
| 505 | _aPrefacio -- Abreviaturas -- Introducción -- Comentario. Parte 1: El poder de Yahvé en Egipto (1:1-15:21). Ambiente (1:1-2:25) -- Personajes (3:1-7:7) -- Conflicto (7:8-15:21) -- Parte 2 : La presencia de Yahweh en el desierto (15:22 -40:38). Jornada (15,22-18,27) -- Apocalipsis (19,1-24,11) -- Santuario (24,12-40,38) -- Bibliografía -- Índice de temas -- Índice de autores -- Índice de palabras hebreas -- Índice de textos bíblicos y antiguos | ||
| 520 | _a"En este volumen, Thomas Dozeman presenta una nueva traducción del texto hebreo de Éxodo junto con una interpretación cuidadosa y crítica de sus temas centrales, la estructura literaria y la historia de la composición. Explora dos temas relacionados en la formación del libro de Éxodo: la identidad de Yahvé, el Dios de Israel, y la autoridad de Moisés, el líder del pueblo israelita. Dozeman aclara las múltiples | ||
| 563 | _aRústico | ||
| 630 | 7 |
_aBiblia. _pÉxodo _xCrítica, interpretación, etc. |
|
| 830 | 4 | _aThe Eerdmans Critical Commentary | |
| 942 | _cREF | ||
| 945 | _aJTF-925 | ||
| 999 |
_c67868 _d67868 |
||